[Event "DVM U16 2023"]
[Site "Magdeburg GER"]
[Date "2023.12.27"]
[Round "2"]
[White "Hoffmann, Kay"]
[Black "Radeke, Timothy"]
[Result "1-0"]
[Termination "normal"]
[Board "5.2"]
[WhiteElo "2088"]
[BlackElo "1504"]
[WhiteClock "01:19:51"]
[BlackClock "00:27:58"]
[WhiteTeam "Barnimer SF im SV Stahl Finow"]
[BlackTeam "SG Grün-Weiß Dresden"]
[PlyCount "43"]
[WhiteFideId "16227000"]
[BlackFideId "16289412"]
[EventCountry "GER"]
[EventRounds "7"]
[EventType "team-swiss"]
[EventDate "2023.12.26"]

1. d4 {[%clk 01:30:58]} {[%emt 00:00:01]} d6 {[%clk 01:30:45]} {[%emt
00:00:15]} 2. Nc3 {[%clk 01:31:24]} {[%emt 00:00:04]} Nf6 {[%clk 01:30:45]}
{[%emt 00:00:29]} 3. e4 {[%clk 01:31:48]} {[%emt 00:00:06]} Nbd7 {[%clk
01:31:06]} {[%emt 00:00:09]} 4. Nf3 {[%clk 01:32:11]} {[%emt 00:00:08]} e5
{[%clk 01:31:31]} {[%emt 00:00:05]} 5. dxe5 {[%clk 01:32:23]} {[%emt 00:00:17]}
dxe5 {[%clk 01:31:53]} {[%emt 00:00:08]} 6. Bg5 {[%clk 01:32:34]} {[%emt
00:00:19]} Be7 {[%clk 01:32:14]} {[%emt 00:00:09]} 7. Qd2 {[%clk 01:32:14]}
{[%emt 00:00:50]} c6 {[%clk 01:32:33]} {[%emt 00:00:11]} 8. O-O-O {[%clk
01:32:23]} {[%emt 00:00:21]} Qc7 {[%clk 01:32:13]} {[%emt 00:00:50]} 9. Nh4
{[%clk 01:31:22]} {[%emt 00:01:30]} h6 {[%clk 01:30:48]} {[%emt 00:01:56]} 10.
Be3 {[%clk 01:31:12]} {[%emt 00:00:40]} Nc5 {[%clk 01:16:08]} {[%emt 00:15:09]}
11. Bxc5 {[%clk 01:29:49]} {[%emt 00:01:54]} Bxc5 {[%clk 01:16:27]} {[%emt
00:00:11]} 12. Nf5 {[%clk 01:25:30]} {[%emt 00:04:48]} Bxf5 {[%clk 01:13:43]}
{[%emt 00:03:14]} 13. exf5 {[%clk 01:25:53]} {[%emt 00:00:07]} O-O {[%clk
01:13:40]} {[%emt 00:00:33]} 14. Bd3 {[%clk 01:25:45]} {[%emt 00:00:38]} b5
{[%clk 01:07:09]} {[%emt 00:07:01]} 15. g4 {[%clk 01:22:22]} {[%emt 00:03:53]}
Qa5 {[%clk 00:44:30]} {[%emt 00:23:09]} 16. g5 {[%clk 01:21:27]} {[%emt
00:01:25]} Ng4 {[%clk 00:37:34]} {[%emt 00:07:26]} 17. gxh6 {[%clk 01:18:50]}
{[%emt 00:03:07]} Nxh6 {[%clk 00:30:51]} {[%emt 00:07:13]} 18. Rhg1 {[%clk
01:18:44]} {[%emt 00:00:36]} Kh7 {[%clk 00:27:08]} {[%emt 00:04:13]} 19. Rxg7+
{[%clk 01:19:00]} {[%emt 00:00:14]} Kxg7 {[%clk 00:27:29]} {[%emt 00:00:09]}
20. Qg5+ {[%clk 01:19:27]} {[%emt 00:00:04]} Kh8 {[%clk 00:27:40]} {[%emt
00:00:19]} 21. Qxh6+ {[%clk 01:19:51]} {[%emt 00:00:06]} Kg8 {[%clk 00:27:58]}
{[%emt 00:00:12]} 22. Rg1# {[%emt 00:00:02]} 1-0

[Event "DVM U16 2023"]
[Site "Magdeburg GER"]
[Date "2023.12.27"]
[Round "2"]
[White "Seymer, Adam"]
[Black "Studzinski, Bruno"]
[Result "1-0"]
[Termination "normal"]
[Board "5.3"]
[WhiteElo "1694"]
[BlackElo "1576"]
[WhiteClock "00:02:53"]
[BlackClock "00:00:32"]
[WhiteTeam "SG Grün-Weiß Dresden"]
[BlackTeam "Barnimer SF im SV Stahl Finow"]
[PlyCount "71"]
[WhiteFideId "34651802"]
[BlackFideId "16296478"]
[EventCountry "GER"]
[EventRounds "7"]
[EventType "team-swiss"]
[EventDate "2023.12.26"]

1. e4 {[%clk 01:30:58]} {[%emt 00:00:01]} e5 {[%clk 01:30:47]} {[%emt
00:00:14]} 2. Nf3 {[%clk 01:31:21]} {[%emt 00:00:07]} Nf6 {[%clk 01:30:51]}
{[%emt 00:00:26]} 3. Nxe5 {[%clk 01:31:43]} {[%emt 00:00:07]} d6 {[%clk
01:31:13]} {[%emt 00:00:08]} 4. Nf3 {[%clk 01:32:07]} {[%emt 00:00:07]} Nxe4
{[%clk 01:31:31]} {[%emt 00:00:12]} 5. d4 {[%clk 01:32:25]} {[%emt 00:00:11]}
d5 {[%clk 01:31:37]} {[%emt 00:00:24]} 6. Bd3 {[%clk 01:32:38]} {[%emt
00:00:17]} Bd6 {[%clk 01:31:31]} {[%emt 00:00:37]} 7. O-O {[%clk 01:32:18]}
{[%emt 00:00:50]} O-O {[%clk 01:31:59]} {[%emt 00:00:02]} 8. c4 {[%clk
01:23:43]} {[%emt 00:09:04]} c6 {[%clk 01:31:56]} {[%emt 00:00:33]} 9. Nc3
{[%clk 01:22:46]} {[%emt 00:01:27]} Nxc3 {[%clk 01:31:59]} {[%emt 00:00:27]}
10. bxc3 {[%clk 01:23:07]} {[%emt 00:00:09]} dxc4 {[%clk 01:32:07]} {[%emt
00:00:22]} 11. Bxc4 {[%clk 01:23:28]} {[%emt 00:00:08]} Bf5 {[%clk 01:28:41]}
{[%emt 00:03:57]} 12. Bg5 {[%clk 01:21:57]} {[%emt 00:02:00]} Qc7 {[%clk
01:17:19]} {[%emt 00:11:50]} 13. Re1 {[%clk 01:19:44]} {[%emt 00:02:45]} h6
{[%clk 01:16:01]} {[%emt 00:01:48]} 14. Bh4 {[%clk 01:17:52]} {[%emt 00:02:21]}
Nd7 {[%clk 01:15:15]} {[%emt 00:01:17]} 15. Bd3 {[%clk 01:15:36]} {[%emt
00:02:45]} Bxd3 {[%clk 01:13:51]} {[%emt 00:01:55]} 16. Qxd3 {[%clk 01:15:58]}
{[%emt 00:00:08]} Rfe8 {[%clk 01:13:12]} {[%emt 00:01:09]} 17. Re4 {[%clk
01:09:02]} {[%emt 00:07:26]} Nb6 {[%clk 01:05:54]} {[%emt 00:07:45]} 18. Rae1
{[%clk 01:04:08]} {[%emt 00:05:26]} Qd7 {[%clk 01:02:43]} {[%emt 00:03:37]} 19.
Qe2 {[%clk 00:48:28]} {[%emt 00:16:14]} Kf8 {[%clk 00:54:35]} {[%emt 00:08:38]}
20. Bg3 {[%clk 00:39:30]} {[%emt 00:09:28]} Bxg3 {[%clk 00:51:06]} {[%emt
00:04:00]} 21. hxg3 {[%clk 00:35:09]} {[%emt 00:04:51]} Nd5 {[%clk 00:45:26]}
{[%emt 00:06:10]} 22. Ne5 {[%clk 00:34:47]} {[%emt 00:00:52]} Qc8 {[%clk
00:40:07]} {[%emt 00:05:49]} 23. Qh5 {[%clk 00:22:14]} {[%emt 00:13:03]} Qc7
{[%clk 00:30:22]} {[%emt 00:10:14]} 24. Qf5 {[%clk 00:15:27]} {[%emt 00:07:18]}
Nf6 {[%clk 00:26:26]} {[%emt 00:04:27]} 25. Rh4 {[%clk 00:12:48]} {[%emt
00:03:09]} Qd6 {[%clk 00:10:13]} {[%emt 00:16:43]} 26. g4 {[%clk 00:10:14]}
{[%emt 00:03:04]} g6 {[%clk 00:07:14]} {[%emt 00:03:29]} 27. Qb1 {[%clk
00:07:21]} {[%emt 00:03:22]} Nd7 {[%clk 00:03:08]} {[%emt 00:04:36]} 28. Nxd7+
{[%clk 00:03:51]} {[%emt 00:04:00]} Qxd7 {[%clk 00:03:24]} {[%emt 00:00:14]}
29. Rxh6 {[%clk 00:04:07]} {[%emt 00:00:15]} Kg7 {[%clk 00:03:05]} {[%emt
00:00:50]} 30. Rh4 {[%clk 00:03:29]} {[%emt 00:01:07]} Rh8 {[%clk 00:01:31]}
{[%emt 00:02:04]} 31. Rxh8 {[%clk 00:03:26]} {[%emt 00:00:33]} Rxh8 {[%clk
00:02:00]} {[%emt 00:00:01]} 32. Qe4 {[%clk 00:03:43]} {[%emt 00:00:12]} Rd8
{[%clk 00:00:56]} {[%emt 00:01:34]} 33. Qe5+ {[%clk 00:03:21]} {[%emt
00:00:53]} Kg8 {[%clk 00:00:54]} {[%emt 00:00:31]} 34. Re3 {[%clk 00:02:53]}
{[%emt 00:00:57]} Qd5 {[%clk 00:00:48]} {[%emt 00:00:37]} 35. Qf6 {[%clk
00:02:37]} {[%emt 00:00:45]} Rd6 {[%clk 00:00:32]} {[%emt 00:00:47]} 36. Re8+
{[%clk 00:02:53]} {[%emt 00:00:14]} 1-0

[Event "DVM U16 2023"]
[Site "Magdeburg GER"]
[Date "2023.12.27"]
[Round "2"]
[White "Beduschi, Ben"]
[Black "Koltyhin, Heorhii"]
[Result "1-0"]
[Termination "normal"]
[Board "5.4"]
[WhiteElo "1638"]
[BlackElo "1502"]
[WhiteClock "00:23:02"]
[BlackClock "00:37:43"]
[WhiteTeam "Barnimer SF im SV Stahl Finow"]
[BlackTeam "SG Grün-Weiß Dresden"]
[PlyCount "83"]
[WhiteFideId "16273443"]
[BlackFideId "34127780"]
[EventCountry "GER"]
[EventRounds "7"]
[EventType "team-swiss"]
[EventDate "2023.12.26"]

1. d4 {[%clk 01:30:58]} {[%emt 00:00:01]} f5 {[%clk 01:29:41]} {[%emt
00:01:19]} 2. Nf3 {[%clk 01:31:08]} {[%emt 00:00:21]} Nf6 {[%clk 01:29:48]}
{[%emt 00:00:23]} 3. Bf4 {[%clk 01:31:32]} {[%emt 00:00:07]} e6 {[%clk
01:28:21]} {[%emt 00:00:14]} 4. e3 {[%clk 01:31:28]} {[%emt 00:02:16]} c6
{[%clk 01:27:26]} {[%emt 00:00:17]} 5. Bd3 {[%clk 01:31:04]} {[%emt 00:02:03]}
d5 {[%clk 01:27:35]} {[%emt 00:00:21]} 6. O-O {[%clk 01:31:03]} {[%emt
00:00:31]} Bd6 {[%clk 01:27:42]} {[%emt 00:00:22]} 7. Ne5 {[%clk 01:31:12]}
{[%emt 00:00:23]} Nbd7 {[%clk 01:26:39]} {[%emt 00:01:31]} 8. Nxc6 {[%clk
01:30:53]} {[%emt 00:00:50]} Qc7 {[%clk 01:26:29]} {[%emt 00:00:40]} 9. Bxd6
{[%clk 01:29:09]} {[%emt 00:02:15]} Qxd6 {[%clk 01:26:40]} {[%emt 00:00:17]}
10. Na5 {[%clk 01:27:50]} {[%emt 00:01:48]} O-O {[%clk 01:26:45]} {[%emt
00:00:27]} 11. f4 {[%clk 01:23:31]} {[%emt 00:04:49]} Qc7 {[%clk 01:25:13]}
{[%emt 00:01:59]} 12. Nb3 {[%clk 01:23:32]} {[%emt 00:00:33]} a5 {[%clk
01:23:49]} {[%emt 00:01:53]} 13. a4 {[%clk 01:21:00]} {[%emt 00:03:02]} Nb6
{[%clk 01:22:33]} {[%emt 00:00:27]} 14. Qe2 {[%clk 01:13:04]} {[%emt 00:09:45]}
Nc4 {[%clk 01:16:52]} {[%emt 00:06:09]} 15. Bxc4 {[%clk 01:13:01]} {[%emt
00:00:35]} dxc4 {[%clk 01:17:14]} {[%emt 00:00:06]} 16. N3d2 {[%clk 01:13:13]}
{[%emt 00:00:17]} b6 {[%clk 01:15:59]} {[%emt 00:01:45]} 17. Qxc4 {[%clk
01:12:50]} {[%emt 00:00:54]} Qe7 {[%clk 01:13:15]} {[%emt 00:03:10]} 18. Qe2
{[%clk 01:11:33]} {[%emt 00:01:50]} Nd5 {[%clk 01:12:36]} {[%emt 00:01:07]} 19.
c3 {[%clk 01:11:14]} {[%emt 00:00:52]} Bb7 {[%clk 01:10:54]} {[%emt 00:02:09]}
20. Nf3 {[%clk 01:09:25]} {[%emt 00:02:22]} Ba6 {[%clk 01:10:35]} {[%emt
00:00:46]} 21. c4 {[%clk 00:49:46]} {[%emt 00:20:12]} Bxc4 {[%clk 01:08:18]}
{[%emt 00:02:44]} 22. Qxc4 {[%clk 00:48:11]} {[%emt 00:02:07]} Nxe3 {[%clk
01:08:33]} {[%emt 00:00:15]} 23. Qe2 {[%clk 00:47:10]} {[%emt 00:01:30]} Nxf1
{[%clk 01:08:53]} {[%emt 00:00:11]} 24. Kxf1 {[%clk 00:46:47]} {[%emt
00:00:53]} Rac8 {[%clk 01:06:29]} {[%emt 00:02:54]} 25. Nc3 {[%clk 00:46:57]}
{[%emt 00:00:21]} Rfe8 {[%clk 01:06:30]} {[%emt 00:00:25]} 26. Qb5 {[%clk
00:42:07]} {[%emt 00:05:23]} Qc7 {[%clk 01:05:54]} {[%emt 00:01:03]} 27. g3
{[%clk 00:39:36]} {[%emt 00:03:05]} Qb7 {[%clk 01:04:19]} {[%emt 00:02:03]} 28.
Kf2 {[%clk 00:38:53]} {[%emt 00:01:14]} Rb8 {[%clk 00:59:39]} {[%emt 00:05:09]}
29. Re1 {[%clk 00:38:23]} {[%emt 00:01:02]} Qf7 {[%clk 00:59:17]} {[%emt
00:00:48]} 30. Ng5 {[%clk 00:29:14]} {[%emt 00:09:43]} Qf6 {[%clk 00:57:23]}
{[%emt 00:01:24]} 31. Qe5 {[%clk 00:29:08]} {[%emt 00:01:35]} Qh6 {[%clk
00:54:49]} {[%emt 00:03:03]} 32. Kg2 {[%clk 00:28:46]} {[%emt 00:00:53]} Qf6
{[%clk 00:49:07]} {[%emt 00:03:59]} 33. Nxe6 {[%clk 00:24:43]} {[%emt
00:06:45]} Kf7 {[%clk 00:41:48]} {[%emt 00:07:35]} 34. d5 {[%clk 00:23:52]}
{[%emt 00:01:35]} Rbc8 {[%clk 00:39:52]} {[%emt 00:02:23]} 35. Re2 {[%clk
00:22:42]} {[%emt 00:01:43]} h6 {[%clk 00:39:45]} {[%emt 00:00:35]} 36. Nb5
{[%clk 00:22:09]} {[%emt 00:01:06]} Qxe5 {[%clk 00:38:42]} {[%emt 00:01:33]}
37. fxe5 {[%clk 00:22:18]} {[%emt 00:00:21]} Rxe6 {[%clk 00:38:44]} {[%emt
00:00:27]} 38. dxe6+ {[%clk 00:22:14]} {[%emt 00:00:35]} Kxe6 {[%clk 00:39:09]}
{[%emt 00:00:05]} 39. Nd4+ {[%clk 00:22:21]} {[%emt 00:00:23]} Kd5 {[%clk
00:39:23]} {[%emt 00:00:15]} 40. Nxf5 {[%clk 00:22:36]} {[%emt 00:00:15]} Ke6
{[%clk 00:37:24]} {[%emt 00:02:29]} 41. Nxg7+ {[%clk 00:22:36]} {[%emt
00:00:30]} Kf7 {[%clk 00:37:43]} {[%emt 00:00:08]} 42. Nh5 {[%clk 00:23:02]}
{[%emt 00:00:06]} 1-0

[Event "DVM U16 2023"]
[Site "Magdeburg GER"]
[Date "2023.12.27"]
[Round "2"]
[White "Ermitsch, Magnus"]
[Black "Korchynskyi, Mykola"]
[Result "1/2-1/2"]
[Termination "normal"]
[Board "6.1"]
[WhiteTitle "FM"]
[WhiteElo "2273"]
[BlackElo "2196"]
[WhiteClock "00:32:36"]
[BlackClock "00:06:05"]
[WhiteTeam "SK Doppelbauer Kiel 1910"]
[BlackTeam "SF Essen-Katernberg 04/32"]
[PlyCount "77"]
[WhiteFideId "16234464"]
[BlackFideId "34138005"]
[EventCountry "GER"]
[EventRounds "7"]
[EventType "team-swiss"]
[EventDate "2023.12.26"]

1. e4 {[%clk 01:30:59]} e6 {[%clk 01:30:54]} {[%emt 00:00:07]} 2. d4 {[%clk
01:31:25]} {[%emt 00:00:04]} d5 {[%clk 01:31:21]} {[%emt 00:00:04]} 3. Nc3
{[%clk 01:31:49]} {[%emt 00:00:05]} Bb4 {[%clk 01:31:45]} {[%emt 00:00:06]} 4.
exd5 {[%clk 01:32:15]} {[%emt 00:00:04]} exd5 {[%clk 01:32:11]} {[%emt
00:00:05]} 5. Bd3 {[%clk 01:32:39]} {[%emt 00:00:05]} Nf6 {[%clk 01:32:30]}
{[%emt 00:00:11]} 6. Nge2 {[%clk 01:33:06]} {[%emt 00:00:03]} O-O {[%clk
01:32:50]} {[%emt 00:00:11]} 7. O-O {[%clk 01:33:32]} {[%emt 00:00:04]} Re8
{[%clk 01:33:12]} {[%emt 00:00:08]} 8. Ng3 {[%clk 01:33:38]} {[%emt 00:00:24]}
c6 {[%clk 01:33:28]} {[%emt 00:00:14]} 9. Nce2 {[%clk 01:32:45]} {[%emt
00:01:23]} Nbd7 {[%clk 01:33:02]} {[%emt 00:00:55]} 10. Bf4 {[%clk 01:29:54]}
{[%emt 00:03:23]} Bf8 {[%clk 01:28:24]} {[%emt 00:05:08]} 11. Nf5 {[%clk
01:28:46]} {[%emt 00:01:38]} Nb6 {[%clk 01:22:57]} {[%emt 00:05:57]} 12. Neg3
{[%clk 01:27:10]} {[%emt 00:02:07]} g6 {[%clk 01:17:01]} {[%emt 00:06:25]} 13.
Nh6+ {[%clk 01:25:34]} {[%emt 00:02:06]} Bxh6 {[%clk 01:09:43]} {[%emt
00:07:49]} 14. Bxh6 {[%clk 01:26:02]} {[%emt 00:00:01]} Ng4 {[%clk 01:09:36]}
{[%emt 00:00:37]} 15. Bc1 {[%clk 01:18:10]} {[%emt 00:08:19]} Qh4 {[%clk
01:03:56]} {[%emt 00:06:13]} 16. h3 {[%clk 01:18:32]} {[%emt 00:00:08]} Nf6
{[%clk 01:03:43]} {[%emt 00:00:43]} 17. c3 {[%clk 01:17:01]} {[%emt 00:02:01]}
Ne4 {[%clk 00:57:55]} {[%emt 00:06:17]} 18. Qf3 {[%clk 01:15:22]} {[%emt
00:02:10]} f5 {[%clk 00:55:50]} {[%emt 00:02:35]} 19. Bf4 {[%clk 01:14:33]}
{[%emt 00:01:19]} Be6 {[%clk 00:50:09]} {[%emt 00:06:11]} 20. Rfe1 {[%clk
01:14:28]} {[%emt 00:00:35]} Bf7 {[%clk 00:49:32]} {[%emt 00:01:06]} 21. a4
{[%clk 01:07:33]} {[%emt 00:07:26]} a6 {[%clk 00:43:17]} {[%emt 00:06:44]} 22.
a5 {[%clk 01:04:46]} {[%emt 00:03:18]} Nd7 {[%clk 00:43:04]} {[%emt 00:00:41]}
23. Ra3 {[%clk 01:01:57]} {[%emt 00:03:20]} Qe7 {[%clk 00:33:44]} {[%emt
00:09:49]} 24. Qd1 {[%clk 00:59:36]} {[%emt 00:02:53]} Nf8 {[%clk 00:24:58]}
{[%emt 00:09:16]} 25. f3 {[%clk 00:57:57]} {[%emt 00:02:09]} Nxc3 {[%clk
00:15:53]} {[%emt 00:09:36]} 26. Rxe7 {[%clk 00:57:52]} {[%emt 00:00:34]} Nxd1
{[%clk 00:16:20]} {[%emt 00:00:04]} 27. Rxb7 {[%clk 00:57:44]} {[%emt
00:00:37]} Ne6 {[%clk 00:16:03]} {[%emt 00:00:47]} 28. Be5 {[%clk 00:51:28]}
{[%emt 00:06:45]} c5 {[%clk 00:15:54]} {[%emt 00:00:39]} 29. Rb6 {[%clk
00:41:46]} {[%emt 00:10:11]} cxd4 {[%clk 00:11:47]} {[%emt 00:04:37]} 30. f4
{[%clk 00:37:28]} {[%emt 00:04:49]} Ne3 {[%clk 00:09:46]} {[%emt 00:02:31]} 31.
Ne2 {[%clk 00:36:35]} {[%emt 00:01:22]} Nc5 {[%clk 00:08:36]} {[%emt 00:01:40]}
32. Nxd4 {[%clk 00:35:20]} {[%emt 00:01:45]} Nxd3 {[%clk 00:08:54]} {[%emt
00:00:13]} 33. Rxd3 {[%clk 00:35:33]} {[%emt 00:00:16]} Nc4 {[%clk 00:09:20]}
{[%emt 00:00:04]} 34. Nc6 {[%clk 00:34:36]} {[%emt 00:01:27]} Re6 {[%clk
00:07:58]} {[%emt 00:01:52]} 35. Rb8+ {[%clk 00:32:58]} {[%emt 00:02:08]} Rxb8
{[%clk 00:08:21]} {[%emt 00:00:06]} 36. Nxb8 {[%clk 00:33:24]} {[%emt
00:00:05]} Nxe5 {[%clk 00:05:11]} {[%emt 00:03:40]} 37. fxe5 {[%clk 00:33:45]}
{[%emt 00:00:08]} Rxe5 {[%clk 00:05:38]} {[%emt 00:00:04]} 38. Nxa6 {[%clk
00:34:05]} {[%emt 00:00:09]} d4 {[%clk 00:06:05]} {[%emt 00:00:03]} 39. Rxd4
{[%clk 00:32:36]} {[%emt 00:01:59]} 1/2-1/2

[Event "DVM U16 2023"]
[Site "Magdeburg GER"]
[Date "2023.12.27"]
[Round "2"]
[White "Berresheim, Nils"]
[Black "Shtompel, Yuriy"]
[Result "0-1"]
[Termination "normal"]
[Board "6.2"]
[WhiteElo "1772"]
[BlackElo "2072"]
[WhiteClock "00:07:22"]
[BlackClock "00:29:37"]
[WhiteTeam "SF Essen-Katernberg 04/32"]
[BlackTeam "SK Doppelbauer Kiel 1910"]
[PlyCount "108"]
[WhiteFideId "16246306"]
[BlackFideId "14168278"]
[EventCountry "GER"]
[EventRounds "7"]
[EventType "team-swiss"]
[EventDate "2023.12.26"]

1. d4 {[%clk 01:30:54]} {[%emt 00:00:06]} Nf6 {[%clk 01:30:49]} {[%emt
00:00:11]} 2. c4 {[%clk 01:31:12]} {[%emt 00:00:13]} e6 {[%clk 01:31:05]}
{[%emt 00:00:13]} 3. Nf3 {[%clk 01:31:30]} {[%emt 00:00:12]} d5 {[%clk
01:31:30]} {[%emt 00:00:06]} 4. cxd5 {[%clk 01:31:40]} {[%emt 00:00:20]} exd5
{[%clk 01:31:54]} {[%emt 00:00:05]} 5. Nc3 {[%clk 01:31:16]} {[%emt 00:00:55]}
Be7 {[%clk 01:32:18]} {[%emt 00:00:06]} 6. Bg5 {[%clk 01:30:48]} {[%emt
00:00:58]} O-O {[%clk 01:31:57]} {[%emt 00:00:49]} 7. Qc2 {[%clk 01:30:09]}
{[%emt 00:01:10]} c6 {[%clk 01:29:23]} {[%emt 00:03:04]} 8. e3 {[%clk
01:29:39]} {[%emt 00:01:00]} Re8 {[%clk 01:28:00]} {[%emt 00:01:53]} 9. Bd3
{[%clk 01:26:53]} {[%emt 00:03:16]} h6 {[%clk 01:28:08]} {[%emt 00:00:22]} 10.
Bf4 {[%clk 01:25:58]} {[%emt 00:01:26]} Nh5 {[%clk 01:20:45]} {[%emt 00:07:53]}
11. Be5 {[%clk 01:19:26]} {[%emt 00:07:02]} Nd7 {[%clk 01:17:42]} {[%emt
00:03:32]} 12. O-O {[%clk 01:14:50]} {[%emt 00:05:07]} Nf8 {[%clk 00:46:48]}
{[%emt 00:31:23]} 13. h3 {[%clk 01:05:03]} {[%emt 00:10:17]} Bd6 {[%clk
00:38:27]} {[%emt 00:08:51]} 14. Rab1 {[%clk 00:58:05]} {[%emt 00:07:28]} a5
{[%clk 00:26:17]} {[%emt 00:12:39]} 15. a3 {[%clk 00:54:59]} {[%emt 00:03:37]}
Bxe5 {[%clk 00:22:36]} {[%emt 00:04:11]} 16. Nxe5 {[%clk 00:53:49]} {[%emt
00:01:39]} Qg5 {[%clk 00:22:39]} {[%emt 00:00:26]} 17. Nf3 {[%clk 00:46:23]}
{[%emt 00:07:57]} Qf6 {[%clk 00:22:36]} {[%emt 00:00:34]} 18. Ne5 {[%clk
00:39:59]} {[%emt 00:06:53]} Nd7 {[%clk 00:16:08]} {[%emt 00:06:58]} 19. Nxd7
{[%clk 00:32:29]} {[%emt 00:08:01]} Bxd7 {[%clk 00:16:29]} {[%emt 00:00:08]}
20. b4 {[%clk 00:32:06]} {[%emt 00:00:53]} axb4 {[%clk 00:15:08]} {[%emt
00:01:52]} 21. axb4 {[%clk 00:30:55]} {[%emt 00:01:41]} b5 {[%clk 00:14:03]}
{[%emt 00:01:34]} 22. Ra1 {[%clk 00:25:02]} {[%emt 00:06:23]} Qg5 {[%clk
00:08:11]} {[%emt 00:06:22]} 23. Kh2 {[%emt 00:04:18]} f5 {[%clk 00:07:57]} 24.
Ne2 {[%clk 00:17:57]} {[%emt 00:04:31]} Rf8 {[%clk 00:07:15]} {[%emt 00:01:12]}
25. Qd2 {[%clk 00:14:20]} {[%emt 00:04:07]} Qh4 {[%clk 00:05:00]} {[%emt
00:02:46]} 26. Nf4 {[%clk 00:11:32]} {[%emt 00:03:17]} Nxf4 {[%clk 00:04:51]}
{[%emt 00:00:39]} 27. exf4 {[%clk 00:11:44]} {[%emt 00:00:17]} Qf6 {[%clk
00:04:55]} {[%emt 00:00:27]} 28. Bc2 {[%clk 00:10:44]} {[%emt 00:01:30]} Qd6
{[%clk 00:04:43]} {[%emt 00:00:42]} 29. g3 {[%clk 00:09:27]} {[%emt 00:01:47]}
g6 {[%clk 00:03:31]} {[%emt 00:01:42]} 30. Rfe1 {[%clk 00:07:10]} {[%emt
00:02:46]} Kg7 {[%clk 00:03:29]} {[%emt 00:00:32]} 31. Qc3 {[%clk 00:05:11]}
{[%emt 00:02:30]} g5 {[%clk 00:02:30]} {[%emt 00:01:28]} 32. fxg5 {[%clk
00:04:14]} {[%emt 00:01:27]} hxg5 {[%clk 00:02:53]} {[%emt 00:00:07]} 33. Rxa8
{[%clk 00:03:07]} {[%emt 00:01:37]} Rxa8 {[%clk 00:03:17]} {[%emt 00:00:06]}
34. Qe3 {[%clk 00:02:59]} {[%emt 00:00:38]} Kf6 {[%clk 00:03:14]} {[%emt
00:00:32]} 35. h4 {[%clk 00:02:30]} {[%emt 00:01:01]} Rg8 {[%clk 00:02:49]}
{[%emt 00:00:53]} 36. hxg5+ {[%clk 00:01:59]} {[%emt 00:01:00]} Rxg5 {[%clk
00:02:39]} {[%emt 00:00:41]} 37. Qe5+ {[%clk 00:01:18]} {[%emt 00:01:12]} Qxe5
{[%clk 00:03:04]} {[%emt 00:00:09]} 38. Rxe5 {[%clk 00:01:44]} Rg8 {[%clk
00:03:10]} {[%emt 00:00:22]} 39. Re3 {[%clk 00:00:37]} {[%emt 00:01:38]} Ra8
{[%clk 00:03:19]} {[%emt 00:00:22]} 40. Rf3 {[%clk 00:00:40]} {[%emt 00:00:27]}
Kg5 {[%clk 00:03:37]} 41. Bb3 {[%clk 00:22:01]} {[%emt 00:09:21]} Ra1 {[%clk
00:32:54]} 42. Re3 {[%clk 00:20:55]} {[%emt 00:02:48]} Rb1 {[%clk 00:31:53]}
43. Kg2 {[%clk 00:20:55]} Rb2 {[%clk 00:31:53]} 44. Kg1 {[%clk 00:20:55]} f4
{[%clk 00:31:53]} 45. gxf4+ Kxf4 {[%clk 00:29:37]} 46. Kg2 {[%clk 00:07:22]}
Bg4 {[%clk 00:29:37]} 47. Rc3 {[%clk 00:07:22]} Ke4 {[%clk 00:29:37]} 48. Bc2+
{[%clk 00:07:22]} Kxd4 {[%clk 00:29:37]} 49. Rxc6 {[%clk 00:07:22]} Rxb4 {[%clk
00:29:37]} 50. f4 {[%clk 00:07:22]} Rc4 {[%clk 00:29:37]} 51. Rxc4+ {[%clk
00:07:22]} dxc4 {[%clk 00:29:37]} 52. Kg3 {[%clk 00:07:22]} Be6 {[%clk
00:29:37]} 53. f5 {[%clk 00:07:22]} Bxf5 {[%clk 00:29:37]} 54. Bxf5 {[%clk
00:07:22]} Kc3 {[%clk 00:29:37]} 0-1